000 00581nam a22002052 4500
001 0000012899
005 20151217152117.0
008 090331s xx 000 0 eng d
020 _a0195325911 :
040 _aKABU
_cKABU
245 1 4 _aThe Oxford handbook of ethical theory /
_cedited by David Copp.
250 _a1st ed.
260 _aOxford :
_bO. U. P.,
_c2006.
300 _axi, 665 p.
650 0 _aEthics.
_@0000148122
700 1 _aCopp, David.
_@0000169888
852 1 _9p3037.50 KES
908 _a090331
950 _@1
999 _c8369
_d8369